000 00285nam a2200133Ia 4500
100 _aWusatowski/Zygmunt
942 _cBK
654 _aRolling
245 _aFundamentls of Rolling
260 _bPergamon press
_aOxford
_c1969
082 _a671.32
300 _a679
546 _aENGLISH
999 _c25075
_d25075